000 01452nam a2200229 a 4500
001 ASIN393771880X
003 OSt
005 20180116192422.0
008 140407s2007 xxu eng d
020 _a393771880X (hardcover)
_c$59.95
020 _a9783937718804 (hardcover)
040 _csada
082 _a720.944
_bPAR 2007
245 1 0 _aParis architecture & design /
_cDaab.
250 _aMul ed.
260 _a[S.l.] :
_bdaab,
_c2007.
300 _a237 p. ;
_c33 cm.
520 _aIt has been the French revolution that has paved the way for an inventive and creative spirit in the arts, architecture, literature, and music that enhanced the development of science and technology of the future. Even a few years back, on the 200th anniversary of the revolution, the city presented more breath-taking monuments to modern architecture, which rival any in Europe. This book presents new and innovative projects by architects, who on the one hand, bear witness to the desire to combine environmentalism with the urban needs and, on the other, to the diversity of influence and changes needed in the architectural outlook. All projects will be listed in alphabetical order to the architects and designers, presented in a very clear layout. As far as available floor plans will give additional insights.
700 1 _aDaab.
_97486
856 4 0 _3Amazon.com
_uhttp://www.amazon.com/exec/obidos/ASIN/393771880X/chopaconline-20
942 _2ddc
_cBK
999 _c353932
_d353932